| 000 | 00770nam a2200241Ia 4500 | ||
|---|---|---|---|
| 003 | PE SENCICO BE | ||
| 005 | 20251020182547.0 | ||
| 008 | 200515s9999 xx 000 0 und d | ||
| 020 | _a84-8185-156-6 | ||
| 040 |
_aPE SENCICO BE _cPE SENCICO BE |
||
| 041 | _aspa | ||
| 082 |
_a747.852 _bA81 |
||
| 100 | 1 |
_aAsensio Cerver, Francisco _9878 _eautor |
|
| 245 | 1 | 0 |
_aDecoración comercial : _bgrandes superficies / _cFrancisco Asensio Cerver |
| 250 | _a[1a ed.] | ||
| 260 |
_aBarcelona : _bAtrium Internacional, _c1998 |
||
| 300 |
_a117 p. : _bil. col. lams., _c30 cm. |
||
| 490 | _aEnciclopedias Atrium para profesionales | ||
| 650 | 1 | 4 |
_aDecoración comercial _9879 |
| 650 | 2 | 4 |
_aCentros comerciales _9880 |
| 650 | 2 | 4 |
_aGalerías de arte _9881 |
| 942 |
_cLIB _2ddc |
||
| 999 |
_c2585 _d2585 |
||